| 000 | 01711nam a2200409Ia 4500 | ||
|---|---|---|---|
| 001 | dia_5607 | ||
| 003 | CHAP | ||
| 005 | 20240815184221.0 | ||
| 007 | ta | ||
| 008 | 220117s1995 mx ae f 001 0 spa d | ||
| 040 |
_cCHAP _amxchpua |
||
| 090 |
_aT.C.212 _bV55 ETIPA _c1995 |
||
| 245 | 1 | 0 |
_aReporte del estudio técnico-ingenieril realizado en la planta Sociedad Cooperativa Productores Unidos de los Dolores, S. C. L. (Dolores, municipio Arandas, Jalisco) / _ccoordinador Abraham Villegas de Gante ; colaborador Claudia Martínez Loera...[et al.] |
| 260 |
_aMéxico : _bEl autor, _c1995 |
||
| 300 |
_acerca 100 hojas : _bilustraciones, diagramas, planos |
||
| 336 |
_2rdacontent _atexto _btxt |
||
| 337 |
_2rdamedia _asin medio _bn |
||
| 338 |
_2rdacarrier _avolumen _bnc |
||
| 500 | _aGrado : 7° año | ||
| 502 |
_aViaje de Estudios _b(ETIPA) -- _cUACh. Departamento de Ingeniería Agroindustrial, _d1995 |
||
| 504 | _aBibliografía : hoja 54 | ||
| 505 | _aContiene 3 planos : -- 1.Plano de distribución de áreas (Esc. 1:155) -- 2. Plano de distribución de equipo (Esc. 1:75) -- 3. Diagrama de Flujo | ||
| 650 | 1 | 3 |
_aQueso _993221 |
| 650 | 1 | 0 |
_aIndustria lechera _zMéxico _zJalisco _9152796 |
| 650 | 1 | 3 |
_aProductos lácteos _992124 |
| 650 | 1 | 3 |
_aCheese _9147907 |
| 650 | 1 | 0 |
_aDairy industry _zMexico _zJalisco _9152795 |
| 650 | 1 | 3 |
_aDairy products _9147027 |
| 700 | 1 |
_aVillegas de Gante, Abraham Zacarias _9185141 _ecoordinador |
|
| 700 | 1 |
_aMartínez Loera, Claudia Judith _972217 _ecolaborador |
|
| 901 | _aT.C.212 V55 ETIPA 1995 | ||
| 902 | _aM | ||
| 905 | _a5332271995 mx e 8223123322spa16 | ||
| 942 | _2local | ||
| 942 | _cVE | ||
| 999 |
_c176586 _d176586 |
||